|
|
|
|
| LEADER |
00000nam a2200000 i 4500 |
| 001 |
ELB215533 |
| 003 |
FINmELB |
| 005 |
20220610121057.0 |
| 006 |
m o u |
| 007 |
cr cn||||||||| |
| 008 |
220610s2019 sp b 000 0 spa d |
| 017 |
|
|
|a M 5758-2019 :
|b Oficina Depósito Legal Madrid
|
| 020 |
|
|
|z 978-84-309-7650-8
|
| 020 |
|
|
|a 9788430976690
|q (e-book)
|
| 035 |
|
|
|a (OCoLC)1332520677
|
| 040 |
|
|
|a FINmELB
|b spa
|e rda
|c FINmELB
|
| 050 |
|
4 |
|a KZ3410
|b .L433 2019
|
| 080 |
|
|
|a 341.1/.8
|
| 082 |
0 |
4 |
|a 341
|2 23
|
| 245 |
0 |
0 |
|a Lecciones de Derecho internacional público /
|c Ana Salinas de Frías (directora) ; Joaquín Alcaide Fernández, Pedro Expósito González, Elena del Mar García Rico, Daniel García San José, Bernardino León Gross, David Márquez Botella, Ana Salinas de Frías, Ma. Isabel Torres Cazorla.
|
| 250 |
|
|
|a Segunda edición.
|
| 264 |
|
1 |
|a Madrid :
|b Tecnos,
|c [2019]
|
| 264 |
|
4 |
|c ©2019
|
| 300 |
|
|
|a 1 recurso en línea (425 páginas)
|
| 336 |
|
|
|a texto
|b txt
|2 rdacontent/spa
|
| 337 |
|
|
|a computadora
|b c
|2 rdamedia/spa
|
| 338 |
|
|
|a recurso en línea
|b cr
|2 rdacarrier/spa
|
| 504 |
|
|
|a Incluye referencias bibliográficas.
|
| 588 |
|
|
|a Descripción basada en metadatos suministrados por el editor y otras fuentes.
|
| 590 |
|
|
|a Recurso electrónico. Santa Fe, Arg.: elibro, 2022. Disponible vía World Wide Web. El acceso puede estar limitado para las bibliotecas afiliadas a elibro.
|
| 650 |
|
4 |
|a Derecho internacional público.
|
| 655 |
|
4 |
|a Libros electrónicos.
|
| 700 |
1 |
|
|a Salinas de Frías, Ana,
|e director de la publicación.
|
| 700 |
1 |
|
|a Alcaide Fernández, Joaquín,
|e autor.
|
| 700 |
1 |
|
|a Expósito González, Pedro,
|e autor.
|
| 700 |
1 |
|
|a García Rico, Elena del Mar,
|e autor.
|
| 700 |
1 |
|
|a García San José, Daniel I.,
|e autor.
|
| 700 |
1 |
|
|a León Gross, Bernardino,
|e autor.
|
| 700 |
1 |
|
|a Márquez Botella, David,
|e autor.
|
| 700 |
1 |
|
|a Salinas de Frías, Ana,
|e autor.
|
| 700 |
1 |
|
|a Torres Cazorla, María Isabel,
|e autor.
|
| 797 |
2 |
|
|a elibro, Corp.
|
| 856 |
4 |
0 |
|u https://elibro.uam.elogim.com/ereader/bidiuam/215533
|z Texto completo
|